[Event "IM Not A GM Speed Chess"]
[Site "chess.com INT"]
[Date "2020.04.29"]
[Round "2.6"]
[White "Rosen, Eric"]
[Black "Kashlinskaya, Alina"]
[Result "1-0"]
[WhiteTitle "IM"]
[BlackTitle "IM"]
[WhiteElo "2353"]
[BlackElo "2494"]
[WhiteFideId "2032562"]
[BlackFideId "4198026"]
[EventDate "2020.04.18"]

1. d4 Nf6 2. Bf4 d5 3. e3 Bf5 4. Nf3 e6 5. Ne5 Nbd7 6. g4 Nxe5 7. gxf5 Ned7 8.
fxe6 fxe6 9. Rg1 Qe7 10. Nc3 Qb4 11. a3 Qa5 12. b4 Bxb4 13. axb4 Qxb4 14. Qd2
O-O 15. Rb1 Qa5 16. Bd3 c5 17. Rxb7 Qa1+ 18. Rb1 Qa5 19. f3 Rf7 20. dxc5 Nxc5
21. Ne2 Qa2 22. Rd1 Rc8 23. Nd4 a6 24. h4 Re8 25. Bd6 Nb7 26. Be5 Nd7 27. f4
Nbc5 28. Nf3 Rc8 29. Bxh7+ Kxh7 30. Ng5+ Kg8 31. Nxf7 Kxf7 32. Rxg7+ Ke8 33.
Rg8+ Nf8 34. Qg2 Ne4 35. Qg6+ Kd7 36. Qf7+ Kc6 37. Rxf8 Rxf8 38. Qxf8 Qa5+ 39.
c3 Qa2 40. Qc8+ 1-0

[Event "IM Not A GM Speed Chess"]
[Site "chess.com INT"]
[Date "2020.04.29"]
[Round "2.7"]
[White "Kashlinskaya, Alina"]
[Black "Rosen, Eric"]
[Result "0-1"]
[WhiteTitle "IM"]
[BlackTitle "IM"]
[WhiteElo "2494"]
[BlackElo "2353"]
[WhiteFideId "4198026"]
[BlackFideId "2032562"]
[EventDate "2020.04.18"]

1. d4 d5 2. c4 e6 3. Nc3 Nf6 4. cxd5 exd5 5. Bg5 c6 6. e3 Bd6 7. Bd3 O-O 8. Qc2
h6 9. Bh4 a5 10. Nge2 Na6 11. a3 Re8 12. h3 Nc7 13. O-O Ne6 14. f3 Ng5 15. e4
Nfxe4 16. fxe4 Nxh3+ 17. gxh3 Qxh4 18. e5 Rxe5 19. Bf5 Qg5+ 20. Kh1 Bxf5 21. Qc1
Re3 22. Ng1 Qg3 23. Qd2 Bxh3 24. Rfe1 Bg2+ 25. Qxg2 Qh4+ 26. Nh3 Rxh3+ 0-1

[Event "IM Not A GM Speed Chess"]
[Site "chess.com INT"]
[Date "2020.04.29"]
[Round "2.8"]
[White "Rosen, Eric"]
[Black "Kashlinskaya, Alina"]
[Result "1-0"]
[WhiteTitle "IM"]
[BlackTitle "IM"]
[WhiteElo "2353"]
[BlackElo "2494"]
[WhiteFideId "2032562"]
[BlackFideId "4198026"]
[EventDate "2020.04.18"]

1. d4 Nf6 2. Bf4 d5 3. e3 Bg4 4. Nf3 e6 5. c3 Bd6 6. Nbd2 Bxf4 7. exf4 O-O 8.
Be2 c5 9. O-O cxd4 10. Nxd4 Bxe2 11. Qxe2 Nc6 12. N2f3 Qd6 13. g3 Nd7 14. Rad1
Nxd4 15. Nxd4 Rac8 16. Rfe1 a6 17. a4 Nc5 18. f5 Rfe8 19. fxe6 fxe6 20. Qg4 Re7
21. b4 Ne4 22. Rd3 Rce8 23. Rde3 a5 24. f3 Nf6 25. Qh4 axb4 26. cxb4 Qxb4 27.
Nf5 Qb6 28. Nxe7+ Rxe7 29. Kg2 d4 30. R3e2 d3 31. Rd2 Qa5 32. Red1 Rc7 33. Qf4
Rc2 34. Qb8+ Kf7 35. Qxb7+ Kg6 36. Rxc2 dxc2 37. Rf1 Qd2+ 38. Kh3 c1=Q 39. Rxc1
Qxc1 40. a5 Nd5 41. a6 Ne3 42. Qe4+ Kf6 43. a7 Qf1+ 44. Kh4 Ng2+ 45. Kg4 Ne3+
46. Qxe3 Qa6 47. Qf4+ Ke7 48. Qc7+ Kf6 49. Qd8+ Kg6 50. a8=Q Qc4+ 51. f4 Qe2+
52. Kh3 Qf1+ 53. Qg2 1-0

[Event "IM Not A GM Speed Chess"]
[Site "chess.com INT"]
[Date "2020.04.29"]
[Round "2.9"]
[White "Kashlinskaya, Alina"]
[Black "Rosen, Eric"]
[Result "1-0"]
[WhiteTitle "IM"]
[BlackTitle "IM"]
[WhiteElo "2494"]
[BlackElo "2353"]
[WhiteFideId "4198026"]
[BlackFideId "2032562"]
[EventDate "2020.04.18"]

1. d4 Nf6 2. c4 e6 3. Nf3 d5 4. Nc3 Be7 5. Bf4 O-O 6. e3 Nbd7 7. c5 Nh5 8. Bd3
c6 9. b4 b6 10. O-O Nxf4 11. exf4 Qc7 12. g3 a5 13. a3 Ba6 14. Re1 Qb7 15. Kg2
Rfe8 16. h4 Bxd3 17. Qxd3 Qa6 18. Qxa6 Rxa6 19. b5 cxb5 20. c6 Nb8 21. c7 Nc6
22. Nxb5 Rc8 23. Rec1 Na7 24. a4 Kf8 25. Ne5 Nxb5 26. axb5 Ra7 27. Nd7+ Ke8 28.
Nxb6 Rcxc7 29. Rxc7 Rxc7 30. Rxa5 Rb7 31. Na4 Bd8 32. b6 Rb8 33. Ra6 Kd7 34.
Nc5+ Kc6 35. b7+ Kb5 36. Ra8 Bc7 37. Rxb8 Bxb8 38. Nd7 Ba7 39. b8=Q+ Bxb8 40.
Nxb8 Kc4 41. Nc6 Kd3 42. Kf3 h5 43. Nd8 Kxd4 44. Nxf7 Kc3 45. Ne5 Kd2 46. g4
hxg4+ 47. Nxg4 1-0

[Event "IM Not A GM Speed Chess"]
[Site "chess.com INT"]
[Date "2020.04.29"]
[Round "2.10"]
[White "Rosen, Eric"]
[Black "Kashlinskaya, Alina"]
[Result "0-1"]
[WhiteTitle "IM"]
[BlackTitle "IM"]
[WhiteElo "2353"]
[BlackElo "2494"]
[WhiteFideId "2032562"]
[BlackFideId "4198026"]
[EventDate "2020.04.18"]

1. d4 Nf6 2. Bf4 d5 3. Nf3 Bg4 4. Ne5 e6 5. c4 Bb4+ 6. Nc3 O-O 7. Nxg4 Nxg4 8.
Qb3 c5 9. e3 Nc6 10. dxc5 d4 11. Rd1 dxc3 12. bxc3 Qa5 13. cxb4 Nxb4 14. Rd2
Rfd8 15. Bd6 Na6 16. Bd3 Nxf2 17. Bxh7+ Kxh7 18. Qc2+ f5 19. Kxf2 Nxc5 20. Ke2
Ne4 21. Rhd1 Nc3+ 22. Kf2 Nxd1+ 23. Qxd1 Qc3 24. c5 Rac8 25. Rd3 Qb2+ 26. Kg1 b6
27. Qh5+ Kg8 28. e4 bxc5 29. e5 Qb1+ 30. Rd1 Qxa2 31. Qg6 Rb8 32. h4 Rb1 33.
Rxb1 Qxb1+ 34. Kh2 Qb3 35. h5 Qc4 36. h6 Qh4+ 37. Kg1 Qxh6 38. Qg3 Qc1+ 39. Kh2
Qh6+ 40. Kg1 Rc8 41. Qb3 c4 42. Qb7 Re8 43. Qc6 Qc1+ 44. Kh2 Rd8 45. Qc7 Qf4+
46. Kg1 Qd4+ 47. Kh2 Qh4+ 48. Kg1 Kh7 49. Qc5 Rd7 50. Qc6 Rf7 51. Qc8 Qe4 52.
Qxe6 Rb7 53. Qe8 Rb1+ 54. Kf2 Qf4+ 55. Ke2 Qf1+ 56. Ke3 Qd3+ 57. Kf4 Rf1+ 58.
Kg5 Qg3+ 59. Kh5 Rh1# 0-1

[Event "IM Not A GM Speed Chess"]
[Site "chess.com INT"]
[Date "2020.04.29"]
[Round "2.11"]
[White "Kashlinskaya, Alina"]
[Black "Rosen, Eric"]
[Result "1-0"]
[WhiteTitle "IM"]
[BlackTitle "IM"]
[WhiteElo "2494"]
[BlackElo "2353"]
[WhiteFideId "4198026"]
[BlackFideId "2032562"]
[EventDate "2020.04.18"]

1. d4 d5 2. c4 e6 3. Nf3 Nf6 4. Nc3 Be7 5. Bf4 O-O 6. e3 b6 7. Be2 Bb7 8. O-O a6
9. cxd5 exd5 10. Qb3 Nbd7 11. Rac1 Rc8 12. Rfd1 Re8 13. Be5 Nf8 14. h3 Ng6 15.
Bd3 Ne4 16. Bxe4 dxe4 17. Nd2 Bd6 18. Ndxe4 Bxe5 19. dxe5 Qh4 20. Rd4 Nxe5 21.
Ng3 Qf6 22. Nce4 Qg6 23. Rcd1 h6 24. Nc3 Nc6 25. Rg4 Qf6 26. Nh5 Qe6 27. Nxg7
Qxb3 28. Nxe8+ Kf8 29. axb3 Rxe8 30. Rc4 Rc8 31. f4 Na5 32. Rb4 b5 33. Rbd4 Ke7
34. Rd7+ Ke6 35. f5+ Kf6 36. e4 Nxb3 37. Rd8 Rxd8 38. Rxd8 Nc5 39. Kf2 b4 40.
Nd5+ Bxd5 41. exd5 Kxf5 42. Ke3 a5 43. Kd4 Na4 44. b3 Nc3 45. Rd7 Kf6 46. Kc4
Ne4 47. Rxc7 Nd2+ 48. Kb5 Nxb3 49. g4 Ke5 50. Rxf7 Kxd5 51. Rf6 Nd4+ 52. Kxa5 b3
53. Rxh6 Kc4 54. Rb6 Kc3 55. h4 b2 56. Ka4 Kc2 57. Ka3 b1=Q 58. Rxb1 Kxb1 59. h5
Nf3 60. h6 Ng5 61. Kb4 Kc2 62. Kc4 Kd2 63. Kd4 Ke2 64. Ke5 Kf3 65. Kf5 Nf7 66.
h7 Nh8 67. g5 Nf7 68. g6 Nd6+ 69. Ke6 Ne4 70. h8=Q Ng3 71. g7 Kg2 72. g8=Q Kf2
73. Qf6+ 1-0

[Event "IM Not A GM Speed Chess"]
[Site "chess.com INT"]
[Date "2020.04.29"]
[Round "2.12"]
[White "Rosen, Eric"]
[Black "Kashlinskaya, Alina"]
[Result "0-1"]
[WhiteTitle "IM"]
[BlackTitle "IM"]
[WhiteElo "2353"]
[BlackElo "2494"]
[WhiteFideId "2032562"]
[BlackFideId "4198026"]
[EventDate "2020.04.18"]

1. d4 Nf6 2. Bf4 d5 3. Nf3 Bf5 4. e3 e6 5. c4 Bb4+ 6. Nc3 O-O 7. Rc1 Nbd7 8. Be2
Ne4 9. Qb3 c5 10. O-O g5 11. Bg3 g4 12. Nh4 Nd2 13. Qd1 Nxf1 14. Kxf1 cxd4 15.
exd4 Bxc3 16. Rxc3 dxc4 17. Bxg4 Bd3+ 18. Kg1 Nf6 19. Be5 Ne4 20. Rxd3 cxd3 21.
Qxd3 Qxh4 22. Qxe4 Qg5 23. h4 Qxh4 24. g3 Qg5 25. Bf3 Rac8 26. Qxb7 Rc1+ 27. Kg2
Qh6 28. g4 f6 29. Bh2 Qg6 30. Qd7 f5 31. Bg3 fxg4 32. Be2 Rc2 0-1

[Event "IM Not A GM Speed Chess"]
[Site "chess.com INT"]
[Date "2020.04.29"]
[Round "2.13"]
[White "Kashlinskaya, Alina"]
[Black "Rosen, Eric"]
[Result "0-1"]
[WhiteTitle "IM"]
[BlackTitle "IM"]
[WhiteElo "2494"]
[BlackElo "2353"]
[WhiteFideId "4198026"]
[BlackFideId "2032562"]
[EventDate "2020.04.18"]

1. d4 Nf6 2. c4 e6 3. Nf3 d5 4. Nc3 Be7 5. Bf4 O-O 6. e3 Nbd7 7. c5 Nh5 8. Bd3
c6 9. b4 b6 10. O-O Nxf4 11. exf4 Qc7 12. g3 a5 13. a3 Ba6 14. Re1 Bxd3 15. Qxd3
b5 16. h4 Ra6 17. Kg2 Rfa8 18. Rab1 axb4 19. axb4 Ra3 20. h5 Nf6 21. h6 g6 22.
Qd2 Bf8 23. Rh1 Ng4 24. Rh4 Nf6 25. Ne5 Nd7 26. Rhh1 Nxe5 27. fxe5 Be7 28. Rb2
Qd8 29. f4 Ra1 30. Rxa1 Rxa1 31. g4 Bxc5 32. bxc5 Qh4 33. Qe2 Qh1+ 34. Kf2 Rg1
35. Ke3 Re1 36. g5 Rxe2+ 37. Nxe2 Qa1 38. Rb3 Qa2 39. Nc1 Qa1 40. Ne2 Kf8 41.
Kf2 Qa4 42. Rb2 Ke8 43. Nc3 Qxd4+ 0-1

[Event "IM Not A GM Speed Chess"]
[Site "chess.com INT"]
[Date "2020.04.29"]
[Round "2.14"]
[White "Rosen, Eric"]
[Black "Kashlinskaya, Alina"]
[Result "1/2-1/2"]
[WhiteTitle "IM"]
[BlackTitle "IM"]
[WhiteElo "2353"]
[BlackElo "2494"]
[WhiteFideId "2032562"]
[BlackFideId "4198026"]
[EventDate "2020.04.18"]

1. e4 e5 2. Nf3 Nf6 3. Bc4 Nc6 4. d3 Be7 5. O-O O-O 6. c3 d5 7. exd5 Nxd5 8. Re1
Bg4 9. Nbd2 Nb6 10. h3 Bh5 11. Qe2 Nxc4 12. Nxc4 f6 13. Be3 Qd7 14. Rad1 Rad8
15. b4 b5 16. Ncd2 Qxd3 17. Qxd3 Rxd3 18. Ne4 Rfd8 19. Rxd3 Rxd3 20. Rc1 Bg6 21.
Nc5 Bxc5 22. Bxc5 Bf7 23. a3 Bd5 24. Be3 Bxf3 25. gxf3 Kf7 26. c4 bxc4 27. Rxc4
Nd4 28. Rxc7+ Kg6 29. Bxd4 exd4 30. Rxa7 Rxf3 31. Kg2 Rb3 32. b5 Rxb5 33. Rd7
Ra5 34. Rxd4 Rxa3 35. Rg4+ Kf7 36. Rb4 h5 37. Rb5 Kg6 38. Rb4 Kh6 39. Rc4 g6 40.
Rc6 Kg5 41. Rc5+ Kh6 42. Rc6 Kg7 43. Rc7+ Kh6 44. Rc6 1/2-1/2

[Event "IM Not A GM Speed Chess"]
[Site "chess.com INT"]
[Date "2020.04.29"]
[Round "2.15"]
[White "Kashlinskaya, Alina"]
[Black "Rosen, Eric"]
[Result "1-0"]
[WhiteTitle "IM"]
[BlackTitle "IM"]
[WhiteElo "2494"]
[BlackElo "2353"]
[WhiteFideId "4198026"]
[BlackFideId "2032562"]
[EventDate "2020.04.18"]

1. d4 Nf6 2. c4 e5 3. Nf3 exd4 4. Nxd4 Nc6 5. Nc3 Bb4 6. Nxc6 bxc6 7. Bd2 d5 8.
e3 O-O 9. Be2 Be6 10. O-O Bd6 11. h3 Rb8 12. Qc2 Qd7 13. f4 Bf5 14. Bd3 Bxd3 15.
Qxd3 Rxb2 16. cxd5 Be7 17. e4 Bc5+ 18. Kh2 cxd5 19. e5 Nh5 20. Nxd5 Rd8 21. Bc3
Rf2 22. Rxf2 Bxf2 23. Rd1 Bg3+ 24. Kh1 Kh8 25. Qf3 c6 26. Ne3 Qc8 27. Rxd8+ Qxd8
28. Qxh5 Qd3 29. Qd1 Qxd1+ 30. Nxd1 Bxf4 31. g4 Kg8 32. Kg2 Kf8 33. Kf3 Bc1 34.
Ke4 Ke7 35. Ne3 Ke6 36. Nf5 g6 37. Nd4+ Kd7 38. Bb4 Bg5 39. Bc5 a6 40. e6+ fxe6
41. Ke5 Bh4 42. Nxe6 Bg3+ 43. Kf6 Bh4+ 44. Kf7 a5 45. Nf8+ Kc7 46. Nxh7 Kb7 47.
Kxg6 Ka6 48. g5 Kb5 49. Kh5 Bg3 50. Bd4 c5 51. Bf6 c4 52. g6 Kb4 53. g7 c3 54.
g8=Q a4 55. Qf8+ 1-0

[Event "IM Not A GM Speed Chess"]
[Site "chess.com INT"]
[Date "2020.04.29"]
[Round "2.16"]
[White "Rosen, Eric"]
[Black "Kashlinskaya, Alina"]
[Result "0-1"]
[WhiteTitle "IM"]
[BlackTitle "IM"]
[WhiteElo "2353"]
[BlackElo "2494"]
[WhiteFideId "2032562"]
[BlackFideId "4198026"]
[EventDate "2020.04.18"]

1. e4 e5 2. Nf3 Nf6 3. Nxe5 d6 4. Nf3 Nxe4 5. d3 Nf6 6. d4 g6 7. Bd3 Bg7 8. O-O
O-O 9. h3 Nc6 10. c3 Ne7 11. Bg5 Bf5 12. Be2 h6 13. Bf4 g5 14. Bh2 Qd7 15. Nbd2
Rae8 16. Re1 Bg6 17. Qb3 c6 18. Nf1 Nf5 19. Bd3 Nd5 20. Qc2 Nfe7 21. a3 Bxd3 22.
Qxd3 f5 23. c4 Nf6 24. Rad1 f4 25. N3d2 Nf5 26. Nb3 Rxe1 27. Rxe1 Ne8 28. Nfd2
Nc7 29. Kh1 b6 30. Bg1 d5 31. Nf3 dxc4 32. Qxc4+ Qd5 33. Rc1 Ne6 34. Ne5 Nexd4
35. Nxc6 Qxc4 36. Rxc4 Nxb3 37. Nxa7 Rd8 38. Rb4 Nc5 39. Rxb6 Rd1 40. Rb5 Bd4
41. Kh2 Ng3 42. b4 Bxf2 43. Bxf2 Rh1# 0-1

[Event "IM Not A GM Speed Chess"]
[Site "chess.com INT"]
[Date "2020.04.29"]
[Round "2.17"]
[White "Kashlinskaya, Alina"]
[Black "Rosen, Eric"]
[Result "0-1"]
[WhiteTitle "IM"]
[BlackTitle "IM"]
[WhiteElo "2494"]
[BlackElo "2353"]
[WhiteFideId "4198026"]
[BlackFideId "2032562"]
[EventDate "2020.04.18"]

1. d4 Nf6 2. c4 e5 3. dxe5 Ng4 4. Bf4 Bb4+ 5. Nc3 Nc6 6. Nf3 Bxc3+ 7. bxc3 Qe7
8. Qd5 Qa3 9. Qd2 Qa5 10. e3 Ngxe5 11. Be2 O-O 12. O-O Re8 13. Rad1 d6 14. Nd4
Bd7 15. Bg3 Qa4 16. f4 Nxc4 17. Bxc4 Qxc4 18. f5 f6 19. Rf4 Qf7 20. Nb5 Rac8 21.
Qc2 a6 22. Nd4 Ne5 23. h3 Re7 24. e4 Rce8 25. Kh2 Nc4 26. Re1 Bc6 27. Bf2 Ne5
28. Bg3 Qc4 29. Bf2 Bd7 30. Bg3 Nd3 31. Qe2 b5 32. Rg4 Nxe1 33. Qxe1 c5 34. Ne6
Bxe6 35. fxe6 Qxe6 36. Qd2 Rd7 37. Bh4 d5 38. exd5 Rxd5 39. Qf4 Qe5 40. Qxe5
fxe5 41. Bf6 g6 42. Re4 Kf7 43. Bg5 Ke6 44. Bh6 Re7 45. Kg3 Rf7 46. Kg4 Rf5 47.
g3 Rd3 48. h4 Rff3 49. Bf4 Rxc3 50. Rxe5+ Kf7 51. Rd5 Rfd3 52. Re5 b4 53. Kg5
Rd7 54. Kh6 c4 55. Kxh7 Rcd3 56. g4 R3d4 57. h5 Rxf4 58. hxg6+ Kf6+ 59. Kg8 Kxe5 0-1

[Event "IM Not A GM Speed Chess"]
[Site "chess.com INT"]
[Date "2020.04.29"]
[Round "2.18"]
[White "Rosen, Eric"]
[Black "Kashlinskaya, Alina"]
[Result "0-1"]
[WhiteTitle "IM"]
[BlackTitle "IM"]
[WhiteElo "2353"]
[BlackElo "2494"]
[WhiteFideId "2032562"]
[BlackFideId "4198026"]
[EventDate "2020.04.18"]

1. d4 Nf6 2. Bf4 d5 3. Nf3 c5 4. e3 Nc6 5. Nbd2 cxd4 6. exd4 Bg4 7. Bb5 e6 8. h3
Bxf3 9. Nxf3 Qa5+ 10. c3 Qxb5 11. Qd2 Be7 0-1

[Event "IM Not A GM Speed Chess"]
[Site "chess.com INT"]
[Date "2020.04.29"]
[Round "2.19"]
[White "Kashlinskaya, Alina"]
[Black "Rosen, Eric"]
[Result "1-0"]
[WhiteTitle "IM"]
[BlackTitle "IM"]
[WhiteElo "2494"]
[BlackElo "2353"]
[WhiteFideId "4198026"]
[BlackFideId "2032562"]
[EventDate "2020.04.18"]

1. d4 d5 2. Nf3 Nf6 3. c4 e6 4. Nc3 Be7 5. Bf4 O-O 6. e3 b6 7. Be2 Bb7 8. O-O
Nbd7 9. cxd5 Nxd5 10. Nxd5 exd5 11. Qc2 c6 12. Rfd1 Re8 13. Rac1 Nf8 14. Ne5 Rc8
15. Bg3 Ng6 16. f4 Bd6 17. Bd3 Nf8 18. Rf1 f6 19. Ng4 h5 20. Nf2 Rxe3 21. Qd2
Qe7 22. Nd1 Rxd3 23. Qxd3 Re8 24. Nc3 Qf7 25. Rce1 Rd8 26. f5 Bb4 27. a3 Bxc3
28. bxc3 c5 29. Re3 Bc6 30. Rfe1 Rd7 31. Qe2 Rc7 32. Re7 Rxe7 33. Qxe7 a5 34.
Qxf7+ Kxf7 35. Bd6 Nd7 36. Re7+ Kg8 37. Kf2 Kh7 38. h4 Kh6 39. Re8 Kh7 40. Rc8
Bb5 41. dxc5 bxc5 42. Bxc5 Ne5 43. Bf8 Bd7 44. Rc7 Bxf5 45. Rxg7+ Kh8 46. Ra7
Be4 47. Bg7+ Kg8 48. Kg3 Ng4 49. Bxf6 Nxf6 50. Rxa5 Ng4 51. Ra7 Kf8 52. a4 Ke8
53. a5 Kd8 54. a6 Kc8 55. Rb7 Ne5 56. Rb4 d4 57. Rxd4 Bc6 58. Rd6 Kc7 59. Rh6
Nd7 60. Rxh5 Kb6 61. Rh6 Ne5 62. Kf4 Nd3+ 63. Ke3 Ne5 64. Re6 Nc4+ 65. Kf4 Kb5
66. h5 Nb6 67. h6 Nd5+ 68. Kg5 Nc7 69. Rxc6 Kxc6 70. h7 Kb6 71. h8=Q Kxa6 72.
Qf6+ Kb7 73. Qd6 Kb8 74. Qc6 Na8 75. Kh6 Nc7 76. g4 Na8 77. g5 Nc7 78. g6 1-0

[Event "IM Not A GM Speed Chess"]
[Site "chess.com INT"]
[Date "2020.04.30"]
[Round "2.20"]
[White "Rosen, Eric"]
[Black "Kashlinskaya, Alina"]
[Result "0-1"]
[WhiteTitle "IM"]
[BlackTitle "IM"]
[WhiteElo "2353"]
[BlackElo "2494"]
[WhiteFideId "2032562"]
[BlackFideId "4198026"]
[EventDate "2020.04.18"]

1. d4 Nf6 2. Bf4 d5 3. e3 Bg4 4. Nf3 e6 5. c4 Bb4+ 6. Nc3 O-O 7. Qc2 Nbd7 8. h3
Bxf3 9. gxf3 c5 10. Rg1 cxd4 11. exd4 Re8 12. O-O-O dxc4 13. Be5 Qa5 14. Ne4 Be7
15. Kb1 Nxe5 16. dxe5 Qxe5 17. Rg5 Qf4 18. Nxf6+ Bxf6 19. Rg4 Qe5 20. Bxc4 Red8
21. Rdg1 Rac8 22. f4 Qd4 23. f5 Qd2 24. fxe6 Qxc2+ 25. Kxc2 b5 26. exf7+ Kf8 27.
b3 bxc4 28. bxc4 Rc5 29. h4 Kxf7 30. Rb1 Rdc8 31. Rb7+ R8c7 32. Rxc7+ Rxc7 33.
Kb3 Be5 34. Kb4 Ke6 35. c5 Kf5 36. Rg5+ Ke6 37. Kc4 Bf6 38. Rh5 h6 39. Rd5 Be7
40. a4 g5 41. h5 Rc6 42. f3 a6 43. a5 Bf8 44. Kd4 Bg7+ 45. Ke4 Bf8 46. Re5+ Kf6
47. Re8 Bxc5 48. Kd5 Rc7 49. Re6+ Kg7 50. Rg6+ Kh7 51. Rxa6 Bb4 52. Ke6 Kg7 53.
Ra8 Rc6+ 54. Kf5 Rc5+ 55. Ke6 Bxa5 56. Ra7+ Bc7 57. Rb7 Rc3 58. Ra7 Re3+ 59. Kd5
Re7 60. Ra6 Bf4 61. Rg6+ Kh7 62. Ra6 Rd7+ 63. Ke6 Rb7 64. Kf5 Rc7 65. Rb6 Rc5+
66. Kf6 Rc7 67. Kf5 Rf7+ 68. Ke6 Ra7 69. Kf6 Be3 70. Rc6 Bd4+ 71. Kf5 Bg7 72.
Rc5 Kg8 73. Rb5 Kf7 74. Rc5 Bf8 75. Rb5 Rc7 76. Ra5 Rc5+ 77. Rxc5 Bxc5 78. f4
Be3 79. fxg5 hxg5 80. h6 Kg8 81. Kg6 g4 0-1

[Event "IM Not A GM Speed Chess"]
[Site "chess.com INT"]
[Date "2020.04.29"]
[Round "2.21"]
[White "Kashlinskaya, Alina"]
[Black "Rosen, Eric"]
[Result "1-0"]
[WhiteTitle "IM"]
[BlackTitle "IM"]
[WhiteElo "2494"]
[BlackElo "2353"]
[WhiteFideId "4198026"]
[BlackFideId "2032562"]
[EventDate "2020.04.18"]

1. d4 c5 2. d5 f5 3. c4 Nf6 4. Nc3 g6 5. Qc2 Bg7 6. e4 d6 7. Bd3 fxe4 8. Nxe4
O-O 9. Nf3 Na6 10. a3 Nc7 11. Bd2 Rb8 12. Bc3 b5 13. b3 Nce8 14. O-O Nxe4 15.
Bxg7 Nxg7 16. Bxe4 bxc4 17. bxc4 Bf5 18. Ng5 Qd7 19. Rae1 h6 20. Ne6 Nxe6 21.
dxe6 Qe8 22. Re3 Rf6 23. Bxf5 Rxf5 24. Rg3 Rf6 25. Re1 Kg7 26. h4 h5 27. Rg5 Qc6
28. Re3 Rbf8 29. Reg3 Rf5 30. Rxf5 1-0

[Event "IM Not A GM Speed Chess"]
[Site "chess.com INT"]
[Date "2020.04.29"]
[Round "2.1"]
[White "Rozman, Levy"]
[Black "Coleman, Teddy"]
[Result "1/2-1/2"]
[WhiteTitle "IM"]
[BlackTitle "IM"]
[WhiteElo "2343"]
[BlackElo "2333"]
[WhiteFideId "2039877"]
[BlackFideId "2022010"]
[EventDate "2020.04.18"]

1. d4 d5 2. c4 e6 3. Nc3 c6 4. e4 dxe4 5. Nxe4 Bb4+ 6. Bd2 Qxd4 7. Bxb4 Qxe4+ 8.
Ne2 Na6 9. Bf8 Ne7 10. Bxg7 Nb4 11. Qd6 Nd3+ 12. Kd2 Nf5 13. Qxd3 Qxd3+ 14. Kxd3
Nxg7 15. Kc3 e5 16. Re1 f6 17. f4 O-O 18. fxe5 fxe5 19. Ng3 Nf5 20. Rxe5 Nxg3
21. hxg3 Bf5 22. Re7 Rad8 23. c5 Kh8 24. Bc4 b5 25. Be2 a5 26. a3 Bg6 27. Re6
Rfe8 28. Rxe8+ Rxe8 29. Bf3 Re3+ 30. Kd4 Rb3 31. Bxc6 Rxb2 32. Ke5 b4 33. Kd6
bxa3 34. Ra1 Rd2+ 35. Kc7 a2 36. Kb6 Bf7 37. Bb5 Rb2 38. c6 Rb1 39. Rxa2 Bxa2
40. c7 Be6 41. Kc5 Rxb5+ 42. Kxb5 Kg7 43. Kxa5 Kg6 44. Kb4 Kg5 45. Kc5 Kg4 46.
Kd6 Bc8 47. Ke7 Kxg3 48. Kf6 h5 49. Kg5 h4 50. Kh5 Bd7 51. Kg5 Bc8 52. Kh5 Bb7
53. Kg5 Bc8 1/2-1/2

[Event "IM Not A GM Speed Chess"]
[Site "chess.com INT"]
[Date "2020.04.30"]
[Round "2.2"]
[White "Coleman, Teddy"]
[Black "Rozman, Levy"]
[Result "0-1"]
[WhiteTitle "IM"]
[BlackTitle "IM"]
[WhiteElo "2333"]
[BlackElo "2343"]
[WhiteFideId "2022010"]
[BlackFideId "2039877"]
[EventDate "2020.04.18"]

1. d4 Nf6 2. Nf3 d5 3. c4 dxc4 4. e3 Bg4 5. Bxc4 e6 6. Nc3 Nc6 7. h3 Bh5 8. Bb5
Bd6 9. e4 Bb4 10. Qa4 O-O 11. Bxc6 Bxc3+ 12. bxc3 bxc6 13. Nd2 c5 14. O-O cxd4
15. cxd4 Bg6 16. f3 Nh5 17. Nb3 Qh4 18. Be3 f5 19. e5 Ng3 20. Rfe1 f4 21. Bf2
Qg5 22. Nc5 Bf5 23. Kh2 Rab8 24. Qc4 Rfe8 25. Nb3 h5 26. Rac1 Re7 27. Qc5 a6 28.
Rc3 Rf8 29. Qc6 Bg6 30. Qxa6 Nf5 31. Rc6 Bf7 32. Qc4 Nh4 33. Bxh4 Qxh4 34. Re2
Qg3+ 35. Kh1 Bg6 36. a4 Bf5 37. Qc3 g5 38. Rxc7 Rxc7 39. Qxc7 g4 40. fxg4 f3 41.
Qc3 fxg2+ 42. Rxg2 Qxc3 43. gxf5+ Kh8 44. Nc5 Qe1+ 45. Kh2 Rxf5 46. Nxe6 Rf2 47.
Ng5 Rxg2+ 48. Kxg2 Qd2+ 0-1

[Event "IM Not A GM Speed Chess"]
[Site "chess.com INT"]
[Date "2020.04.30"]
[Round "2.3"]
[White "Rozman, Levy"]
[Black "Coleman, Teddy"]
[Result "1-0"]
[WhiteTitle "IM"]
[BlackTitle "IM"]
[WhiteElo "2343"]
[BlackElo "2333"]
[WhiteFideId "2039877"]
[BlackFideId "2022010"]
[EventDate "2020.04.18"]

1. c4 e6 2. Nc3 d5 3. e3 Nf6 4. Nf3 c6 5. b3 Nbd7 6. Bb2 Bd6 7. Qc2 O-O 8. Rg1
a6 9. g4 dxc4 10. Bxc4 b5 11. Be2 b4 12. Na4 c5 13. g5 Nd5 14. Bd3 g6 15. h4 Re8
16. h5 Nf8 17. Nxc5 Bd7 18. Nb7 Qc7 19. Nxd6 Qxd6 20. Be5 Qc6 21. Qxc6 Bxc6 22.
Nd4 Bb7 23. Rc1 Nd7 24. Bd6 e5 25. Ne2 Re6 26. Bc7 Rc8 27. Ba5 Rc5 28. Rxc5 Nxc5
29. Bc4 e4 30. hxg6 hxg6 31. Bxd5 Bxd5 32. Nf4 Nd3+ 33. Nxd3 exd3 34. Bxb4 Bf3
35. Bc3 Re4 36. Rg3 Rh4 37. Kf1 Kf8 38. Rxf3 1-0

[Event "IM Not A GM Speed Chess"]
[Site "chess.com INT"]
[Date "2020.05.01"]
[Round "2.4"]
[White "Coleman, Teddy"]
[Black "Rozman, Levy"]
[Result "1-0"]
[WhiteTitle "IM"]
[BlackTitle "IM"]
[WhiteElo "2333"]
[BlackElo "2343"]
[WhiteFideId "2022010"]
[BlackFideId "2039877"]
[EventDate "2020.04.18"]

1. d4 Nf6 2. c4 e6 3. Nc3 Bb4 4. Qc2 d5 5. a3 Bxc3+ 6. Qxc3 c5 7. dxc5 d4 8. Qg3
Nc6 9. Nf3 O-O 10. Bh6 Ne8 11. Bd2 a5 12. e3 Nf6 13. exd4 Nxd4 14. Nxd4 Qxd4 15.
Bc3 Qe4+ 16. Be2 Kh8 17. Qf3 e5 18. Qxe4 Nxe4 19. Bxe5 Re8 20. Bd4 Bf5 21. Be3
Rac8 22. b4 Nc3 23. Bf3 Be4 24. O-O Bxf3 25. gxf3 Rc6 26. Rfe1 Rce6 27. Kf1 h5
28. Bd4 Na4 29. Rxe6 Rxe6 30. Re1 1-0

[Event "IM Not A GM Speed Chess"]
[Site "chess.com INT"]
[Date "2020.04.30"]
[Round "2.5"]
[White "Rozman, Levy"]
[Black "Coleman, Teddy"]
[Result "1-0"]
[WhiteTitle "IM"]
[BlackTitle "IM"]
[WhiteElo "2343"]
[BlackElo "2333"]
[WhiteFideId "2039877"]
[BlackFideId "2022010"]
[EventDate "2020.04.18"]

1. c4 e6 2. Nc3 d5 3. e3 Nf6 4. Nf3 c5 5. cxd5 Nxd5 6. d4 Nc6 7. Be2 Nxc3 8.
bxc3 Be7 9. O-O O-O 10. e4 cxd4 11. cxd4 b6 12. Bf4 Bb7 13. d5 exd5 14. exd5 Nb4
15. d6 Bf6 16. Qd2 Bxa1 17. Rxa1 Nd5 18. Bg3 Rc8 19. Nd4 Nc3 20. Bd3 Ne4 21.
Bxe4 Bxe4 22. Re1 Ba8 23. Nf5 Rc5 24. Be5 f6 25. Ne7+ Kh8 26. Bg3 Qd7 27. Qf4
Rd8 28. h4 Qb5 29. Kh2 Qc4 30. Qe3 Qc3 31. Qe2 Qd4 32. Qe3 Qxe3 33. Rxe3 h6 34.
a3 a5 35. f3 b5 36. Bf2 Re5 37. Rd3 Re6 38. Bc5 Kh7 39. h5 Bb7 40. Ng6 Bc6 41.
f4 Be8 42. Nf8+ Kg8 43. Nxe6 Rc8 44. d7 Bxd7 45. Rxd7 b4 46. Rxg7+ Kh8 47. axb4
axb4 48. Rb7 f5 49. Rxb4 Rc6 50. Rb8+ Kh7 51. Re8 Ra6 52. Re7+ Kg8 53. Rg7+ Kh8
54. Ra7 Rc6 55. Bd4+ Kg8 56. Rg7+ Kh8 57. Rg6+ Kh7 58. Nf8# 1-0